00711nam a22002057a 4500999001900000005001700019010001500036020002600051035001400077037001400091082001400105100001800119245005100137260003900188270006300227300002100290500004000311942002800351952012600379 c158067d15806720181016102923.0 aENG-124285 c850.00a9788181922236 aEN-107817 bDBAD/PUB. a883.09954 aAgarwal, B.M. aPost-colonial women writers /cby B.M. Agarwal aJaipurbSublime Publicationsc2012 bJaipure302006a18, Jain Bhawan, opp. N.B.C., Shanti nagar a224p.c22cm.(Hb) aIt includes bibliography and index. 2ddccENmAGAh883.09954 001040718NFICaDBADbBNd2018-10-16eDBAD/PUBg850.00l0o883.09954 AGApEN-107817r2018-10-16 00:00:00t1v850.00yEN